Energetika v poľnohospodárstve návody na cvičenia

Bibliographic Details
Main Author: Petranský, Ivan, 1941-2005 (Author)
Format: Book
Language:Slovak
PhysicalDescription:122 s., 7,27 AH tab., sch., grafy 29 cm
Published: Nitra Vysoká škola poľnohospodárska 1981
Edition:1. vyd.
Series:Vysokoškolské učebné texty
Subjects:

MARC

LEADER 00000cam a2200000 a 4500
001 vtls001097817
003 SK-MaSNL
005 20260301141724.0
008 250414s1981 xo 00000 slo
015 |a SNBA1982/04 
035 |a SNK000040659 
040 |a SNK  |b slo  |c SNK  |e AACR2 
041 0 |a slo 
044 |a xo  |c SK 
080 |a 631.372.011/.013(075.8)(076.5)  |2 1981 
080 |a 629.114.2.011/.013(075.8)(076.5)  |2 1981 
100 1 |a Petranský, Ivan,  |d 1941-2005  |4 aut  |9 117213 
245 1 0 |a Energetika v poľnohospodárstve  |b návody na cvičenia  |c Ivan Petranský 
250 |a 1. vyd. 
260 |a Nitra  |b Vysoká škola poľnohospodárska  |c 1981  |e Nitra  |f Edičné oddelenie VŠP 
300 |a 122 s., 7,27 AH  |b tab., sch., grafy  |c 29 cm 
366 |e 500 výt. 
490 1 |a Vysokoškolské učebné texty 
504 |a Bibliogr. 
650 0 7 |a poľnohospodárske stroje  |2 SNKPH  |9 3574 
655 7 |a učebnice vysokých škôl  |2 SNKPH  |9 70191 
830 0 |a Vysokoškolské učebné texty  |9 276539 
852 |a Slovenská národná knižnica 
954 |a x teória a príklady 
958 |a OND 
958 |a NB 
958 |a RM 
958 |a UV 
999 |c 768071  |d 770001 
952 |a SNK  |b SNK  |y PREZ  |7 0  |p 17A0981450  |o snkSB 33452  |i snkKSP 1450/82  |0 0  |1 0  |4 0  |d 2014-05-15  |f 1  |l 0  |r 2025-04-08 00:00:00  |w 2026-02-24 
952 |a SNK  |b SNK  |y VYP  |7 0  |o snkSB 33452 D1  |i snkKSP 1451/82  |0 0  |1 0  |4 0  |d 2014-05-15  |l 0  |r 2026-02-24 00:25:34  |w 2026-02-24